MARC details
| 000 -CABECERA |
| campo de control de longitud fija |
00772nam a2200205 a 4500 |
| 001 - NÚMERO DE CONTROL |
| campo de control |
000028745 |
| 005 - FECHA Y HORA DE LA ÚLTIMA TRANSACCIÓN |
| campo de control |
20260429123223.0 |
| 008 - DATOS DE LONGITUD FIJA--INFORMACIÓN GENERAL |
| campo de control de longitud fija |
110412s2001 dr 000 0 spa d |
| 040 ## - FUENTE DE LA CATALOGACIÓN |
| Centro catalogador/agencia de origen |
DO-SdBNP |
| Lengua de catalogación |
spa |
| Centro/agencia transcriptor |
BNPHU |
| 082 ## - NÚMERO DE LA CLASIFICACIÓN DECIMAL DEWEY |
| Número de clasificación |
xxxx |
| Número de documento/Ítem |
C748 |
| 049 ## - FONDOS LOCALES (OCLC) |
| Fondos de biblioteca |
BNPD |
| 111 2# - ENTRADA PRINCIPAL--NOMBRE DE CONGRESO/REUNIÓN |
| Nombre de congreso/reunión o jurisdicción como elemento de entrada |
Conferencia del poder judicial |
| Número del congreso/reunión o número de parte o sección |
(2a : |
| Fecha del congreso/reunión |
2001, feb. : |
| Sede del congreso/Lugar de la reunión |
Santo Domingo) |
| 9 (RLIN) |
55744 |
| 245 13 - MENCIÓN DE TÍTULO |
| Título |
La II conferencia del Poder Judicial : |
| Resto del título |
resultados de una consulta nacional. |
| 246 13 - FORMA VARIANTE DE TÍTULO |
| Título propio/Titulo breve |
La segunda conferencia del Poder Judicial |
| 260 ## - PUBLICACIÓN, DISTRIBUCIÓN, ETC. |
| Lugar de publicación, distribución, etc. |
Santo Domingo : |
| Nombre del editor, distribuidor, etc. |
Suprema Corte de Justicia, |
| Fecha de publicación, distribución, etc. |
2001. |
| 300 ## - DESCRIPCIÓN FÍSICA |
| Extensión |
71 p. ; |
| Dimensiones |
22 cm. |
| 650 20 - PUNTO DE ACCESO ADICIONAL DE MATERIA--TÉRMINO DE MATERIA |
| Término de materia o nombre geográfico como elemento de entrada |
Participación política |
| 9 (RLIN) |
456 |
| 710 1# - PUNTO DE ACCESO ADICIONAL--NOMBRE DE ENTIDAD CORPORATIVA |
| Nombre de entidad corporativa o nombre de jurisdicción como elemento de entrada |
Fundación Institucionalidad y Justicia |
| 9 (RLIN) |
19649 |
| 710 1# - PUNTO DE ACCESO ADICIONAL--NOMBRE DE ENTIDAD CORPORATIVA |
| Nombre de entidad corporativa o nombre de jurisdicción como elemento de entrada |
United States. |
| Unidad subordinada |
Agency for International Development |
| 9 (RLIN) |
58056 |